Statistiche per Top 10 Città più popolose Provincia di Padova

Clicka qui per fare il quiz!

Statistiche generali

  • Questo quiz è stato fatto 9 volte
  • Il punteggio medio è 7 su 10

Statistiche sulle risposte

Popolazione 8ab.)Città% Corretto
206 192Padova
100%
19 349Abano Terme
86%
19 956Cittadella
71%
16 576Este
71%
19 067Piove di Sacco
71%
21 993Vigonza
71%
26 921Albignasego
57%
17 451Monselice
57%
22 145Selvazzano Dentro
57%
15 964Cadoneghe
43%

Distribuzione punteggi

Percentile per numero di risposta

Percentuale di utenti per punteggio

I tuoi punteggi nel tempo

Non hai fatto questo quiz